Don Arturo

Guardat en:
Dades bibliogràfiques
Autor principal: Durand, Luis (Autor)
Format: Llibre
Idioma:espanyol
Publicat: Santiago Zig-Zag 1952
Col·lecció:Colecciones Biográficas
Matèries:
Etiquetes: Afegir etiqueta
Sense etiquetes, Sigues el primer a etiquetar aquest registre!

MARC

LEADER 00000nam a2200000 a 4500
001 UCZ5064
003 CL-VaPUC
008 951116e19520000CL |||||||||||||||||spa|d
082 0 4 |a 923.2  |b DUR  |2 21 
100 0 |a Durand, Luis  |e author  |9 349013 
245 1 0 |a Don Arturo 
300 |a 340 p 
942 |c BK 
945 |d 19951116 00:00:00  |a rleighto 
260 |a Santiago  |b Zig-Zag  |c 1952 
600 0 |a Alessandri Palma, Arturo  |9 268143 
650 0 |a Biografías  |9 255210 
583 |a last modification  |c 19951116 00:00:00  |k Rodrigo Vera 
490 0 |a Colecciones Biográficas 
999 |c 241392  |d 241390 
952 |0 0  |1 0  |4 0  |6 923_200000000000000_DUR_1952  |7 0  |8 A  |9 253701  |a BIBEDU  |b BIBEDU  |d 2019-11-19  |i 3148777  |l 1  |o 923.2 DUR 1952  |p 3148777  |r 2023-10-19  |s 2023-10-19  |w 2019-11-19  |y BK  |k LIT 
952 |0 0  |1 0  |4 0  |6 923_200000000000000_DUR_1952  |7 0  |8 P  |9 253702  |a BIBDER  |b BIBDER  |d 2019-11-19  |i 176618K  |o 923.2 DUR 1952  |p 176618K  |r 2023-01-25  |w 2019-11-19  |y BK  |k DER